000 00764nam a2200265Ia 4500
003 OSt
005 20221006160224.0
006 a|||||r|||| 00| 0
007 ta
008 221006b |||||||| |||| 00| 0 eng d
020 _a9788932316185
_cW35,000
024 _a44,651
037 _bGift, Window on Korea
_cTextual
040 _aEASL
_cEASL
_beng
041 _2eng
_aeng
082 _aM13v495.A, Q2
100 _aLee Seung-chul
_9672486
245 0 _aHanji
_b Everything you need to know about Korean paper
260 _aSeoul
_bHyeonamsa Publishing Korea
_c2012
300 _a316p.
_ccm.
490 _v KEL
650 _aKEL
942 _hM13v495.A, Q2
_cTEXL
_2CC
999 _c1112743
_d1112743